=LDR 00000nam 2200000 4500 =001 INLIS000000000008173 =005 20130612100058 =008 ***********************************Ind** =035 ##$$0010-061300000008173 =041 ##$$a Ind =082 ##$$a F Rom K =090 ##$$a F Rom K, Tet l =100 ##$$a Tetsuliro, Koshita =245 ##$$a Let's go, Kosshita, Tetsuhiro =260 ##$$a 2002 $b Jakarta =300 ##$$a ... jil, ilus, 17 cm =650 ##$$a Fiksi anak-anak